000 00659nam a2200277Ia 4500
005 20260324135442.0
008 008 260324s9999 xx 000 0 eng d
020 _a9780429178146
037 _aEBOOK
040 _aCRL
040 _beng
040 _cCRL
041 _2eng
041 _aeng
084 _qCRL
100 _aS. Robertson; P, T McCabe; Margaret Hanson
_91200665
245 0 _aContemporary Ergonomics 2000
260 _bTaylor and Francis
260 _c2000
365 _a
365 _b400
856 _uhttp://www.taylorfrancis.com/books/9780429178146
942 _cEBOOK
999 _c1801722
_d1801722